000 01133cam a22003374a 4500
001 14160693
005 20221006160333.0
008 051103s2005 enk b 000 0 eng
010 _a 2005482268
020 _a8130902206
035 _a(CaONFJC)ct0364236
040 _aDLC
_cDLC
_dDLC
042 _apcc
050 0 0 _aHD30.4
_b.K465 2004
082 _a658.3
_bKER
100 1 _aKermally, Sultan.
_999365
245 1 0 _aGurus on managing people /
_cSultan Kermally.
246 1 8 _aGurus on people management
260 _aNew Delhi :
_bViva Books Private Limited,
_cc2006.
300 _a153 p. ;
_c22 cm.
504 _aIncludes bibliographical references (p. 151-153).
650 0 _aManagement
_xResearch.
_914616
650 0 _aManagement
_xPsychological aspects.
_999366
650 0 _aEmployee motivation.
_94008
650 0 _aOrganizational effectiveness.
650 0 _aLeadership.
856 4 1 _3Table of contents
_uhttp://www.loc.gov/catdir/toc/fy0602/2005482268.html
906 _a7
_bcbc
_corigres
_d2
_encip
_f20
_gy-gencatlg
942 _2ddc
_cBK
999 _c591548
_d591548